| 000 | 00986cam a22003374a 4500 | ||
|---|---|---|---|
| 001 | 1980 | ||
| 003 | FISKH | ||
| 005 | 20250827091820.0 | ||
| 008 | 991027s2000 nyua b 000 0 eng | ||
| 010 | _a 99056382 | ||
| 020 | _a0439287162 | ||
| 040 |
_aDLC _cDLC _dDLC _beng |
||
| 042 |
_apcc _alcac |
||
| 050 | 0 | 0 |
_aTH9148 _b.D43 2000 |
| 082 | 0 | 0 |
_a628.9/25 _221 |
| 100 | 1 | _aDemarest, Chris L. | |
| 245 | 1 | 0 |
_aFirefighters A to Z / _cChris L. Demarest. |
| 260 |
_aNew York : _bScholastic, _c2000. |
||
| 300 |
_a32 unnumbered pages : _bcolor illustrations ; _c31 cm |
||
| 505 | _aF | ||
| 520 | _aAn alphabetic look at a firefighter's day. | ||
| 521 | 8 |
_a370
_bLexile AD |
|
| 521 | 8 |
_aF
_bRaz-Plus |
|
| 650 | 0 |
_aFire extinction _vJuvenile literature. |
|
| 650 | 0 |
_aFire fighters _vJuvenile literature. |
|
| 650 | 1 | _aFire extinction. | |
| 650 | 1 | _aFire fighters. | |
| 650 | 1 | _aAlphabet. | |
| 906 |
_a7 _bcbc _corignew _d1 _eocip _f19 _gy-gencatlg |
||
| 942 |
_2ddc _cBK _n0 |
||
| 999 |
_c1980 _d1980 |
||